000 00588nam a2200229Ia 4500
003 OSt
005 20220924150842.0
006 a|||||r|||| 00| 0
007 ta
008 220923b |||||||| |||| 00| 0 tel d
024 _a334966
037 _cTextual
040 _aARTS
_cARTS
_btel
041 _2tel
_atel
082 _a035,3N03w, K3.1-.2
100 _aJanaki Ram Au."
_9223086
245 0 _aSagutunna yatra
260 _c1963
650 _aTELUGU FICTION
942 _h035,3N03w, K3.1-.2
_cTEXL
_2CC
999 _c464777
_d464777